| 000 -ლიდერი |
| ფიქსირებული სიგრძის საკონტროლო ველი |
01062nam a2200241Ia 4500 |
| 001 - საკონტროლო ნომერი |
| საკონტროლო ველი |
6419 |
| 003 - საკონტროლო ნომრის იდენტიფიკატორი |
| საკონტროლო ველი |
GE_BSU |
| 005 - ბოლო ოპერაციის თარიღი და დრო |
| საკონტროლო ველი |
20191114122641.0 |
| 008 - ფიქსირებული სიგრძის მონაცემთა ელემენტები - ზოგადი ინფორმაცია |
| ფიქსირებული სიგრძის საკონტროლო ველი |
181216s2008||||ge |||||||||||||| ||geo|| |
| 020 ## - წიგნის საერთაშორისო სტანდარტული ნომერი |
| International Standard Book Number |
9994051822 |
| 040 ## - კატალოგიზაციის წყარო |
| Transcribing agency |
GE_BSU |
| 041 ## - ენის კოდი |
| Language code of text/sound track or separate title |
geo |
| 080 ## - უნივერსალური ათობითი კლასიფიკაციის ინდექსი |
| Universal Decimal Classification number |
342.4 მ-54 |
| 100 ## - მთავარი ჩანაწერი - პიროვნების სახელი |
| Personal name |
მელქაძე, ოთარ |
| 9 (RLIN) |
790 |
| 245 ## - ცნობა სათაურის შესახებ |
| Title |
კონსტიტუციონალიზმი / |
| Statement of responsibility, etc |
ოთარ მელქაძე ; [რედ. გ. ხუბუა]. |
| 264 ## - წარმოების, გამოცემის, დისტრიბუციის და სხვა ცნობები |
| გამოცემის, წარმოების, დისტრიბუციის... ადგილი |
თბილისი : |
| გამოცემის, წარმოების, დისტრიბუციის... სახელწოდება |
უნივერსალი, |
| გამოცემის, წარმოების, დისტრიბუციის... თარიღი |
2008. |
| 300 ## - ფიზიკური აღწერა |
| Extent |
426 გვ.; |
| Other physical details |
20 სმ. |
| 490 ## - სერიის ცნობა |
| Series statement |
პოლიტიკურ-სამართლებრივი ლიტერატურის სერია ; |
| Volume number/sequential designation |
წ. 21 |
| 653 ## - INDEX TERM--UNCONTROLLED |
| Uncontrolled term |
კონსტიტუციური სამართალი |
| 700 ## - ADDED ENTRY--PERSONAL NAME |
| Personal name |
ხუბუა, გ. |
| Relator term |
რედაქტორი |
| 9 (RLIN) |
5340 |
| 710 ## - ADDED ENTRY--CORPORATE NAME |
| Corporate name or jurisdiction name as entry element |
მსოფლიო პარლამენტარიზმის კვლევითი ცენტრი |
| 9 (RLIN) |
2952 |
| 942 ## - ADDED ENTRY ELEMENTS (KOHA) |
| Koha item type |
წიგნი |
| Source of classification or shelving scheme |
|